00763nam a22001697a 4500003000900000008004100009040007100050082002600121100001900147245007500166260004700241300002800288505020200316650002600518650002700544650002200571AR-CdUCM190404b ||||| |||| 00| 0 spa d aMUNICIPALIDAD PROVINCIAL DEL CUSCOcBIBLIOTECA MUNICIPAL DEL CUSCO a338.943 /bS67 / 1945 aSommi, Luis V. aLos capitales alemanes en la Argentina :bHistoria de su expansión / aBuenos Aires :bEditorial Claridad,c1945. a358 páginas ;c20 cm. aContenido: Antecedentes históricos de la expansión alemana -- El curso histórico de las inversiones alemanas en la Argentina -- Historia de la expansión comercial alemana en la Argentina... aExtensión comercial aEconomía capitalista aCiencias sociales